Украинские фильмы - Армагеддон - Statistics

General Stats
  • This quiz has been taken 36 times
  • The average score is 4 of 22
Answers on the Grid
Answers color-coded by a green-red scale on the quiz's grid according to % correct below.
Иван Франко
Уроки французского
Аэлита
Пять вечеров
Колиивщина
Катынь
Звенигора
Поводырь
Девчата
Дом с мезонином
Покаяние
Тени забытых предков
Назар Стодоля
Иди и смотри
Земля
Цвет граната
Среди серых камней
Лебединое озеро. Зона
Арсенал
В бой идут одни "старики"
Долгие проводы
Смерть на взлёте
Мимино
Аты-баты, шли солдаты
Перемена участи
Фаворит
Сон
Отпуск в сентябре
Служили два товарища
Каменный крест
За двумя зайцами
Путёвка в жизнь
Фантазии Фарятьева
Я тоже хочу
Пропавшая грамота
Королевство кривых зеркал
Доживём до понедельника
Шкурник
Вий
Аэроград
Узник замка Иф
Цыганский барон
Убить дракона
Солдаты
Белая птица с чёрной отметиной
 
Answer Stats
Answer % Correct
Иван Франко
86%
Колиивщина
52%
Назар Стодоля
38%
В бой идут одни "старики"
33%
Звенигора
24%
Тени забытых предков
24%
За двумя зайцами
19%
Лебединое озеро. Зона
14%
Долгие проводы
14%
Аты-баты, шли солдаты
14%
Аэроград
14%
Белая птица с чёрной отметиной
14%
Среди серых камней
10%
Арсенал
10%
Сон
10%
Каменный крест
10%
Пропавшая грамота
10%
Шкурник
10%
Поводырь
5%
Дом с мезонином
5%
Земля
5%
Перемена участи
5%
No matching quizzes found
Score Distribution
Percent of People with Each Score
Percentile by Number Answered
Your Score History
You have not taken this quiz